| 000 | 00825nam a22002537i 4500 | ||
|---|---|---|---|
| 003 | DO-SdBNP | ||
| 005 | 20230519123057.0 | ||
| 007 | ta | ||
| 008 | 230426b2013 dr aa||| |||| 00| 0 spa d | ||
| 020 | _a9789945174410 | ||
| 040 |
_bspa _cBNPHU _erda _aDO-SdBNP |
||
| 082 |
_222 _bB615 |
||
| 245 |
_aBiología 2, educación media : _bguía didáctica y solucionario |
||
| 264 |
_aSanto Domingo : _bEdiciones S:M , _c2013 |
||
| 300 |
_a58 paginas : _bilustraciones ; _c30 cm |
||
| 336 |
_2rdacontent _atexto _btxt |
||
| 337 |
_2rdamedia _asin mediación _bn |
||
| 338 |
_2rdacarrier _avolumen _bnc |
||
| 490 | _aProyecto Sé | ||
| 500 | _aPlanificación de la Unidad. Sugerencias didácticas, solucionario, evaluaciones fotocopiables, libro del alumno | ||
| 590 | _aInventariado, 2023 / DG | ||
| 910 | _aDG | ||
| 942 |
_2ddc _cLBS1 |
||
| 999 |
_c53407 _d53407 |
||